000 00209nam a2200085 4500
001 1301115
005 20260429103701.0
245 _aARSEN LÜPEN SEKİZ YÜZ ON ÜÇ
_cMAURİCE LEBLANC
260 _bTİMAŞ YAYINLARI
999 _c1301115
_d1301115